Good practice in communications (Record no. 117831)

MARC details
000 -LEADER
fixed length control field 00965cam a2200217 4500
001 - CONTROL NUMBER
control field WB4031-15
008 - FIXED-LENGTH DATA ELEMENTS--GENERAL INFORMATION
fixed length control field 040810n2004 000 0 eng u
035 ## - SYSTEM CONTROL NUMBER
System control number (Sirsi) u127040
245 ## - TITLE STATEMENT
Title Good practice in communications
260 ## - PUBLICATION, DISTRIBUTION, ETC.
Place of publication, distribution, etc. c2004
490 ## - SERIES STATEMENT
Series statement Inside Housing
Volume/sequential designation (21)31, 6 August 2004, 11 (1)
520 ## - SUMMARY, ETC.
Summary, etc. The Improvement and Development Agency has launched an online database to help housing organisations share good practice in communications (http://www.idea.gov.uk). The toolkit aims to help local authorities and arm's-length management organisations improve the way they consult with tenants and leaseholders. It will also help authorities keep up-to-date with changes to the private finance initiative, ALMO or stock transfer options.
590 ## - LOCAL NOTE (RLIN)
Local note WB
590 ## - LOCAL NOTE (RLIN)
Local note WB
650 ## - SUBJECT ADDED ENTRY--TOPICAL TERM
Topical term or geographic name entry element GOOD PRACTICE
650 ## - SUBJECT ADDED ENTRY--TOPICAL TERM
Topical term or geographic name entry element COMMUNICATIONS
650 ## - SUBJECT ADDED ENTRY--TOPICAL TERM
Topical term or geographic name entry element HOUSING ASSOCIATIONS
650 ## - SUBJECT ADDED ENTRY--TOPICAL TERM
Topical term or geographic name entry element DATABASE
690 ## - LOCAL SUBJECT ADDED ENTRY--TOPICAL TERM (OCLC, RLIN)
Topical term or geographic name as entry element PROFESSIONAL PRACTICE
942 ## - ADDED ENTRY ELEMENTS (KOHA)
Suppress in OPAC 0
Holdings
Withdrawn status Lost status Source of classification or shelving scheme Damaged status Not for loan Home library Current library Shelving location Date acquired Total Checkouts Full call number Barcode Date last seen Copy number Price effective from Koha item type
    Dewey Decimal Classification     London London News article 10/08/2004   WB4031-15 127040-1001 06/08/2019 1 06/08/2019 News article